Rainbow High de A-Z - Statistiques

Statistiques générales
  • Ce quiz a été pris 23 fois
  • Le résultat moyen est 12 sur 24
Statistiques - réponses
Lettre Indice Réponse % Correct
A Seul Membre Masculin des A's Aiden Russel
83%
H Soeur de Laurel Holly De'Vious
83%
V Influenceuse Créatrice de "La Vie de Vi" Violet Willow
83%
N Créatrice de Parfums de Shadow High Natasha Zima
67%
P Directrice de Pacific Coast High Paris Hilton
67%
I Gabriella ... Icely
50%
K Shadow High Série 2 Karla Choupette
50%
L Membre de Rainbow Dream Lyric Lucas
50%
R Surnommée Glitch Reina Crowne
50%
S Ancienne Membre des Rainbow Divas Sabrina St. Cloud
50%
T Membre des Royal Three Tiara Song
50%
W Victoria ... Whitman
50%
Z Shadow High Série 2 Zooey Electra
50%
C Manager de Sabrina St. Cloud Coco Vanderbalt
42%
E Peintre de Rainbow High Emi Vanda
42%
F Seul Membre Masculin Connu de Pacific Coast High Finn Rosado
42%
J Héritière de la Plus Grande Maison d'Émeraude Française Jewel Richie
42%
M Présentatrice de la Saison 4 de la Série Maria Garcia
42%
O Shadow High Série 3 Oliver Ocean
42%
U Membre des Neon Shadow Uma Van Hoose
42%
D Shadow High Série 2 Dia Mante
33%
B Sahdow High Série 3 Berrie Skies
25%
G Rainbow High Série 2 Georgia Bloom
25%
Y Delfina ... Young
25%
Aucun quiz correspondant
Distribution des résultats
% des personnes avec chaque résultat
Percentile par nombre de réponses
Votre historique - résultats
Vous n’avez pas pris ce quiz